Research-Based Information Writing: Books, Websites, and Presentations Grade 6 Unit 3 (Record no. 25931)

MARC details
000 -LEADER
fixed length control field 00913nam a22002417a 4500
003 - CONTROL NUMBER IDENTIFIER
control field OSt
005 - DATE AND TIME OF LATEST TRANSACTION
control field 20260702121817.0
008 - FIXED-LENGTH DATA ELEMENTS--GENERAL INFORMATION
fixed length control field 260702b |||||||| |||| 00| 0 eng d
020 ## - INTERNATIONAL STANDARD BOOK NUMBER
International Standard Book Number 9780325059457
040 ## - CATALOGING SOURCE
Transcribing agency Chuka University Library
050 ## - LIBRARY OF CONGRESS CALL NUMBER
Classification number LB 1631
Item number .C35 2014
100 ## - MAIN ENTRY--PERSONAL NAME
Personal name Calkins, Lucy
9 (RLIN) 27666
245 ## - TITLE STATEMENT
Title Research-Based Information Writing: Books, Websites, and Presentations Grade 6 Unit 3
260 ## - PUBLICATION, DISTRIBUTION, ETC.
Place of publication, distribution, etc. New Hampshire
Name of publisher, distributor, etc. Heinemann
Date of publication, distribution, etc. 2014
300 ## - PHYSICAL DESCRIPTION
Extent 157p
Other physical details Illustrations
650 ## - SUBJECT ADDED ENTRY--TOPICAL TERM
Topical term or geographic name entry element English language Composition and exercises Study and teaching(Middle School)
9 (RLIN) 32643
650 ## - SUBJECT ADDED ENTRY--TOPICAL TERM
Topical term or geographic name entry element Exposition(Rhetoric) Study and teaching (Middle school)
9 (RLIN) 32644
650 ## - SUBJECT ADDED ENTRY--TOPICAL TERM
Topical term or geographic name entry element Research Methodology Study and teaching(Middle school)
9 (RLIN) 32645
650 ## - SUBJECT ADDED ENTRY--TOPICAL TERM
Topical term or geographic name entry element Essay Authorship
9 (RLIN) 32011
700 ## - ADDED ENTRY--PERSONAL NAME
Personal name Maggie Beattie Roberts(Author)
9 (RLIN) 32646
700 ## - ADDED ENTRY--PERSONAL NAME
Personal name Emily Strang-Campbell(Author)
9 (RLIN) 32647
942 ## - ADDED ENTRY ELEMENTS (KOHA)
Source of classification or shelving scheme Library of Congress Classification
Koha item type Long Loan Books
Suppress in OPAC No
Holdings
Withdrawn status Lost status Source of classification or shelving scheme Damaged status Not for loan Collection Home library Current library Shelving location Date acquired Source of acquisition Cost, normal purchase price Total Checkouts Full call number Barcode Date last seen Price effective from Koha item type
    Library of Congress Classification     General Collection Books Main Campus Library Main Campus Library General Stacks 02/07/2026 Donations from Books for Africa 3341.89   LB 1631 .C35 2014 36873/2026 02/07/2026 02/07/2026 Long Loan Books

Powered by Koha